All Countries by Northernmost Point on Land - Statistics

General Stats
  • This quiz has been taken 125,030 times
    108,306 since last reset
  • The average score is 47 of 196
Answers on the Map
Answers color-coded by a green-red scale on the quiz's map according to % correct below.
 
Answer Stats
Lat Country Northernmost point % Correct
83°06'N Canada Cape Columbia, Ellesmere Island, Nunavut
95%
81°51'N Russia Cape Fligely, Rudolf Island, Franz Josef Land, Arkhangelsk Oblast
94%
80°49'N Norway Rossøya, Svalbard
90%
71°23'N United States Point Barrow, Alaska
86%
70°05'N Finland Nuorgam, Utsjoki, Lapland
83%
69°04'N Sweden Treriksröset, Kiruna, Norrbotten County, Lapland
83%
67°08'N Iceland Kolbeinsey, Eyjafjarðarsýsla
81%
60°51'N United Kingdom Out Stack, Shetland Islands
78%
59°48'N Estonia Vaindloo island, Vainupea village, Vihula Parish
76%
58°05'N Latvia Ipiķi parish
76%
56°08'N Belarus Proshki, Verkhnyadzvinsk Raion, Vitebsk Region
74%
57°45'N Denmark Grenen, Skagen, North Jutland
74%
56°27'N Lithuania Aspariškiai
72%
55°03'N Germany List, Sylt, Schleswig-Holstein
68%
55°26'N Ireland Inishtrahull Island, County Donegal
66%
55°43'N Kazakhstan Border with Russia
65%
54°50'N Poland Jastrzębia Góra, Pomorskie
65%
53°34'N China Mohe, Heilongjiang
64%
53°32'N Netherlands Rottumerplaat, Groningen
64%
52º09'N Mongolia Border with Russia
62%
51°02'N Czech Republic Severní
59%
52º22'N Ukraine Hremyach (Грем'яч)
59%
51°30'N Belgium Dreef, Antwerp
58%
49°36'N Slovakia Beskydok
58%
51°05'N France Bray-Dunes, Nord
57%
50°11'N Luxembourg Gouvy
56%
49°01'N Austria Neumühlbach, Lower Austria
55%
46°33'N Croatia Žabnik, Sveti Martin na Muri, Međimurje County
55%
48°35'N Hungary Border with Slovakia, near Nagy-Milic
55%
47°05'N Italy Zwillingsköpfl,from Alto Adige South Tyrol
55%
47°48'N Switzerland Bargen, Canton of Schaffhausen
54%
45°16'N Bosnia and Herzegovina A village in the municipality of Kozarska Dubica Gradina Donja
53%
48°15'N Romania Horodiştea, Botoşani
53%
48°28'N Moldova Naslavcea
52%
47°14'N Liechtenstein Ruggell
51%
46°11'N Serbia Hajdukovo
51%
46°52'N Slovenia Budinci
51%
45°36'N Uzbekistan Border with Kazakhstan
49%
44°13'N Bulgaria Timok Mouth, Vidin Province
48%
45°31'N Japan Cape Sōya, Hokkaidō
48%
43º47'N Spain Punta de Estaca de Bares, Province of A Coruña, Galicia
46%
43°59'N San Marino Falciano, Serravalle
45%
43°35'N Georgia South of Aibga
42%
43°16'N Kyrgyzstan border with Kazakhstan
41%
43°45'N Monaco Avenue Varavilla
40%
43°14'N Kosovo Bellobërda
38%
43°32'N Montenegro Mocevici, Pljevlja municipality
38%
43°00'N North Korea P'ungsŏ-ri, Onsong County, North Hamgyong Province
38%
42°21'N North Macedonia Boskovci
36%
42°06'N Turkey Cape İnceburun, by Sinop
35%
42°50'N Turkmenistan North of Arychagyl
34%
41°54'N Vatican City Corner of Viale Vaticano and Via Leone IV
34%
42°30'N Albania West of Kuti
33%
42°39'N Andorra Pic du Port
32%
42°07'N Portugal Cevide, Cristoval, Melgaço
32%
41°43'N Greece Ormenio, Evros prefecture
31%
41°17'N Armenia Mamai
30%
41°53'N Azerbaijan Northernmost point alongside border with Georgia
30%
38°36'N South Korea North of Daegang-ri, Goseong, Gangwon Province
30%
38°22'N Afghanistan South of Qal'Aikhum
29%
41°02'N Tajikistan North of Punuk
29%
39°47'N Iran North of Qush, West Azerbaijan region
28%
35°55'N Morocco Cape Spartel
28%
37°06'N Pakistan Kilik Pass
27%
35°42'N Cyprus Cape Apostolos Andreas
26%
37°23'N Iraq North of Sanat
26%
37°31'N Tunisia Galite Islands
26%
37°19'N Syria Tigris south of Cizre
25%
37°05'N Algeria Cap Bougaroûn, Skikda
24%
31°36'N Egypt Sidi Barrani
24%
35°30'N India Siachen Glacier (Kilik Pass claimed)
24%
34°43'N Lebanon North of Chadra
24%
36°05'N Malta Xwieni Bay, Marsalforn Żebbuġ, Gozo
24%
33°17'N Israel 10 km north of Qiryat Shemona, or Mount Hermon [2]
22%
33°22'N Jordan Tripoint with Syria and Iraq
22%
30°06'N Kuwait Border with Iraq
22%
33°10'N Libya Ras Ajdir
22%
32°43'N Mexico Monumento 206 in Los Algodones, municipality of Mexicali, Baja California
21%
30°26'N Nepal Lapche Pass
21%
32°14'N Saudi Arabia Jabal Anaiza
21%
27°16'N Bahamas Walker's Cay, Abaco Islands
19%
28°20'N Bhutan North of Lunana
19%
28°32'N Myanmar Watershed of the Irrawaddy
19%
27°19'N Mauritania Tiris Zemmour Region
18%
23°22'N Vietnam Lung Cu
18%
26°17'N Bahrain Muharraq Island
17%
26°38'N Bangladesh Tetulia, Panchgar
17%
23°26'N Chad Tibesti Massif
17%
26°23'N Taiwan Dongyin, Matsu Islands
17%
20°27'N Thailand Mae Sai
17%
25°00'N Mali Border with Mauritania
16%
23°31'N Niger Tripoint with Algeria and Libya
16%
26°09'N Qatar Ras Rakan
16%
26°30'N Oman As Salamah
15%
23°16'N Cuba Cayo Cruz del Padre
14%
17°49'N Guatemala Border with Mexico
14%
22°12'N Sudan Wadi Halfa (Halaib Triangle claimed))
14%
26°05'N United Arab Emirates Wadi Shaam
14%
18°31'N Jamaica Half Moon Point
13%
22°29'N Laos Ban Lengsuchai
13%
18°59'N Yemen Border with Saudi Arabia
13%
21°07'N Philippines Mavudis (Yami) Island, Batan Islands
12%
16°41'N Senegal Podor, Morfil Island
12%
17°12'N Cape Verde Ponta do Sol, Santo Antão Island
11%
19°55'N Dominican Republic Cabo Isabela
11%
14°26'N El Salvador North of El Limo
11%
20°04'N Haiti Pointe Tete de Chien
11%
15°01'N Nicaragua North of Liwa Sirpe
11%
18°29'N Belize Subteniente Lopez
10%
12°43'N Djibouti Doumeira Island
10%
18°00'N Eritrea Ras Kasar
10%
12°41'N Guinea Border with Senegal
10%
12°41'N Guinea-Bissau Border with Senegal
10%
13°50'N Nigeria Border with Niger
10%
17°44'N Antigua and Barbuda Goat Point, Barbuda
9%
11°01'N Central African Republic Border with Chad
9%
17°25′N Honduras Great Swan Island, Swan Islands
9%
29°13'S New Zealand Nugent Island
9%
17°26'N Saint Kitts and Nevis Dieppe Bay Town, Saint Kitts
9%
08°24'N Guyana Waini Peninsula
8%
10°44'N Ivory Coast Border with Mali
8%
09°30'N Sri Lanka Point Pedro
8%
06°01'N Suriname Oostelijke Polders
8%
30°05'S Uruguay Quarai River south of Dirceu Barcelos
8%
04°24'S Angola Caio Bemba
7%
15°05'N Burkina Faso Oudalan Province
7%
14°30'N Cambodia Border with Laos and Vietnam
7%
13°05'N Cameroon Border with Chad
7%
15°50'N Colombia Serranilla Bank
7%
15°38'N Dominica Carib Point
7%
14°53'N Ethiopia Border with Eritrea
7%
06°04'N Indonesia Rondo Island
7%
28°34'S Lesotho Monantsa
7%
01°42'N São Tomé and Príncipe Ilheu Bombom
7%
12°14'N South Sudan Border with Sudan, Upper Nile Province
7%
13°22'N St. Vincent and the Grenadines Porter Point
7%
00°59'S Tanzania Kagera River, southwest of Burumba
7%
11º21'N Trinidad and Tobago Marble Island, Tobago
7%
15º40'N Venezuela Isla Aves
7%
13°20'N Barbados North Point
6%
17°19'S Chile Near Visviri, Arica y Parinacota Region
6%
11º13'N Costa Rica Peñas Blancas
6%
25°44'S Eswatini Horo
6%
13°49'N Gambia Ker Maka Tukulor
6%
11°10'N Ghana Border with Burkina Faso
6%
12°31'N Grenada Gun Point, Carriacou
6%
07°15'N Malaysia Banggi Island
6%
14°32'N Marshall Islands Bokak Atoll
6%
16°56'S Namibia Kunene River north of Otjivakuanda
6%
14°07'N Saint Lucia Pointe du Cap
6%
21°48'S Argentina Confluence between Grande de San Juan and Mojinete rivers, Jujuy Province
5%
09°16'S Australia Moimi Island, Torres Strait Islands, Queensland
5%
12°25'N Benin Atakora River, on the border with Niger
5%
05°04'N Brunei Pekan Muara
5%
11°22'S Comoros Pointe Nord, Grande Comore
5%
08°19'S East Timor Lautém District
5%
01°41'N Ecuador Darwin Island
5%
05°35'N Kenya Disputed border with South Sudan, Ilemi Triangle de facto controlled by Kenya
5%
10°27'S Mozambique Cape Delgado
5%
09°38'N Panama Point Manzanillo
5%
01°03'S Rwanda South of Kagitumba
5%
09°59'N Sierra Leone Border with Guinea
5%
11°59'N Somalia Caluula
5%
22°20'S South Africa Beit Bridge, Limpopo Province
5%
11°08'N Togo Tripoint with Ghana and Burkina Faso
5%
04°14'N Uganda West of Lokichokio
5%
17°46'S Botswana Kasane
4%
05°15'N Brazil Mount Caburaí
4%
05°22'N D. R. Congo Mbomou River, south of Aminagou
4%
03°47'N Equatorial Guinea Punta Europa, Bioko
4%
10°05'N F. S. Micronesia Mogmog, Ulithi
4%
02°19'N Gabon Kom River
4%
03°23'N Kiribati Makin, Gilbert Islands
4%
08°33'N Liberia Border with Guinea
4%
07°07'N Maldives Thuraakunu, Ihavandhippolhu Atoll
4%
08°10'N Palau Ngeruangel
4%
00°52'S Papua New Guinea Suf Island
4%
19°17'S Paraguay San Antonio, border with Bolivia
4%
00°01'S Peru Putumayo River
4%
03°43'N Rep. of the Congo North of Motala
4%
13°25'S Samoa Fagamalo, Savai'i
4%
01°28'N Singapore Sembawang
4%
05°13'S Solomon Islands Pelau, Ontong Java
4%
09°40'S Bolivia Manoa
3%
02°18'S Burundi Colline Kigali
3%
12°30'S Fiji Elsee, Rotuma
3%
11°57'S Madagascar Cap D'Ambre
3%
09°22'S Malawi South of Ngomba
3%
10°25'S Mauritius Tappe a Terre, Agaléga Islands
3%
00°30'S Nauru Anna Point
3%
03°43'S Seychelles Bird Island
3%
15°36'S Tonga Niuafo'ou
3%
05°39'S Tuvalu Lakena, Nanumea
3%
13°07'S Vanuatu Hiw, Torres Islands, Torba Province
3%
08°14'S Zambia Lake Tanganyika
3%
15°37'S Zimbabwe Zambezi River east of Jeki
3%
No matching quizzes found
Score Distribution
Percent of People with Each Score
Percentile by Number Answered
Your Score History
You have not taken this quiz since the last reset